| 000 | 00883cam a22002655a 4500 | ||
|---|---|---|---|
| 001 | 015825458 | ||
| 003 | OSt | ||
| 005 | 20160613135045.0 | ||
| 008 | 110608s2011 enk gr 000 1 eng d | ||
| 020 | _a9780141328584 (pbk.) | ||
| 020 | _a0141328584 (pbk.) | ||
| 040 |
_aStDuBDS _beng _cStDuBDS _dEG-ScBUE |
||
| 082 | 0 | 4 |
_222 _a823.92 _bSCA |
| 100 | 1 |
_aScarrow, Simon. _921758 |
|
| 245 | 1 | 0 |
_aGladiator : _bfight for freedom / _cSimon Scarrow. |
| 246 | 3 | 4 | _aEnslaved by empire, he will rise ahero |
| 260 |
_aLondon : _bPuffin Books, _c2011. |
||
| 300 |
_a329 p. ; _c20 cm. |
||
| 490 | 0 |
_aThe epic series ; _v1. |
|
| 500 | _aInside : the action-fuelled first chapter of gladiator streetfighter. | ||
| 650 | 7 |
_2BUEsh _924015 _aGladiators _zRome _vFiction. |
|
| 651 | 7 |
_aRome _xHistory _yMithridatic Wars, 88-63 B.C. _vFiction. _2BUEsh _940175 |
|
| 653 |
_bEEENG _cJune2016 |
||
| 942 | _2ddc | ||
| 999 |
_c21885 _d21857 |
||